[Event "SLO-ch U10 Girls"]
[Site "Celje"]
[Date "2004.02.23"]
[Round "3"]
[White "Topic, Marina"]
[Black "Lubec, Tjasa"]
[Result "0-1"]
[WhiteElo "1500"]
[BlackElo "1500"]
[PlyCount "46"]
[EventDate "2004.02.22"]
[EventType "tourn"]
[EventRounds "8"]
[EventCountry "SLO"]
[SourceTitle "EXT 2008"]
[Source "ChessBase"]
[SourceDate "2007.11.25"]
[SourceVersion "1"]
[SourceVersionDate "2007.11.25"]
[SourceQuality "1"]

1. e4 e5 2. Nf3 Nc6 3. Bc4 Bc5 4. c3 Nf6 5. Qb3 Qe7 6. d3 h6 7. 0-0 0-0 8. d4 exd4 9. cxd4 Bxd4 10. Nxd4 Nxd4 11. Qd3 Qxe4 12. Qxe4 Nxe4 13. Re1 Nd6 14. Bd3 b6 15. Re3 c5 16. Rg3 c4 17. Bf1 Nc2 18. Bxh6 Nf5 19. Rc3 Nxa1 20. Bf4 d6 21. Rxc4 Ba6 22. Rc7 Rae8 23. g3 Re1 0-1

[Event "SLO-ch U10 Girls"]
[Site "Celje"]
[Date "2004.02.22"]
[Round "1"]
[White "Topic, Marina"]
[Black "Hervolj, Manca"]
[Result "0-1"]
[WhiteElo "1500"]
[BlackElo "1500"]
[PlyCount "60"]
[EventDate "2004.02.22"]
[EventType "tourn"]
[EventRounds "8"]
[EventCountry "SLO"]
[SourceTitle "EXT 2008"]
[Source "ChessBase"]
[SourceDate "2007.11.25"]
[SourceVersion "1"]
[SourceVersionDate "2007.11.25"]
[SourceQuality "1"]

1. e4 e5 2. Nf3 Nc6 3. Bc4 Nf6 4. 0-0 Nxe4 5. d3 Nd6 6. Nc3 Nxc4 7. dxc4 Bd6 8. Ne4 0-0 9. Nfg5 h6 10. Nxd6 cxd6 11. Ne4 Na5 12. b3 b6 13. Nxd6 Qe7 14. Ba3 Qd8 15. Re1 Nc6 16. Qd5 Rb8 17. Rad1 Bb7 18. Nxb7 Rxb7 19. Re2 Re8 20. Rde1 Qg5 21. Bc1 Qf6 22. Bb2 Rc7 23. Bxe5 Nxe5 24. Rxe5 Rc5 25. Rxe8+ Kh7 26. Qxd7 Ra5 27. h4 Rxa2 28. R1e7 Ra1+ 29. Kh2 Qf4+ 30. g3 Qxf2+ 0-1